00443nam a2200109Ia 4500008004100000100002700041245012100068260002900189300001800218650001500236856008200251160712s9999 xx 000 0 und d aTolentino, Rolando B.  cRolando B. TolentinoaShake, Rattle and Roll Horror Franchise and the Specter of Nation-Formation in the Philippines c2016bHumanities Diliman avol. 13 no. 1 xHUMANITIES uhttp://journals.upd.edu.ph/index.php/humanitiesdiliman/issue/view/528/showToc